Statistiken für Die 100 wichtigsten Deutschen nach meiner Meinung

Klicken Sie hier um das Quiz zu spielen!

Allgemein

  • Dieses Quiz wurde 521 mal gespielt
  • Das Durchschnittsergebnis liegt bei 38 aus 101

Antwortstatistiken

#HintAntwort% Korrekt
2Diktator des dritten ReichesAdolf Hitler
99%
4Physiker, der die Relativitätstheorie entwickelteAlbert Einstein
98%
1Startete die ReformationMartin Luther
96%
29Erste deutsche BundeskanzlerinAngela Merkel
92%
12Erster deutscher Bundeskanzler nach dem 2. WKKonrad Adenauer
91%
3Reichskanzler, der 1871 das Kaiserreich begründeteOtto von Bismarck
91%
10Schriftsteller: Faust, Die Leiden des jungen WertherJohann Wolfgang von Goethe
88%
5Wichtigster Theoretiker des Kommunismus, Autor des KaptialsKarl Marx
85%
11Komponist: Für Elise, MondscheinsonateLudwig van Beethoven
83%
18Kanzler der EinheitHelmut Kohl
82%
22Erfinder des AutomobilsCarl Benz
80%
16Letzter deutscher KaiserWilhelm II
79%
61Führer im niederländischen Unabhängigkeitskrieg gegen SpanienWilhelm I. (Oranien)
79%
15Stauferkaiser, führte Krieg in Italien und zog in den 3. KreuzzugFriedrich Barbarossa
76%
27Dichter: Die Räuber, Wallenstein, Kabale und LiebeFriedrich Schiller
76%
20Barock-Komponist: Brandenburger Konzerte, Messe in h-MollJohann Sebastian Bach
76%
86Maler der Romantik: Der Wanderer über dem Nebelmeer, Kreidefelsen auf RügenCaspar David Friedrich
75%
6Preußischer König, siegreich im 7-Jährigen-KriegFriedrich der Große
75%
39Stauferkaiser, Stupor Mundi, Kreuzfahrer und König von SizilienFriedrich II (HRR)
75%
89Pfälzischer Kurfürst und "Winterkönig" in Böhmen im 30-Jährigem Krieg, Anführer der protestantischen UnionFriedrich V. (Pfalz)
75%
53Bundeskanzler: Afghanistankrieg, Kosovoeinsatz, Agenda 2010Gerhart Schröder
75%
41Märchensammler und Herausgeber eines deutschen WörterbuchesBrüder Grimm
74%
38Erfinder des nach ihm benannten VerbrennungsmotorsNicolaus Otto
67%
14Erster ostfränkischer Kaiser, besiegte die Ungarn auf dem LechfeldOtto I
67%
9Philosoph: Kategorischer Imperativ, Kritik der Reinen VernunftImmanuel Kant
66%
21Chef der SS, maßgeblich am Holocaust beteiligtHeinrich Himmler
65%
94Bundeskanzler, Friedensnobelpreisträger, Aussöhnung mit PolenWilly Brandt
64%
28Russische Zarin, eroberte die Krim, in Pommern geborenKatharina die Große
60%
49Gründer der FDJ und Generalsekretär der SED von 1971-1989Erich Honecker
57%
26Komponist: Der Ring des Nibelungen, Parsifal, LohegrinRichard Wagner
57%
72Co-Autor des kommunistischen Manifestes, Die Lage der arbeitenden Klassen in EnglandFriedrich Engels
54%
45Schriftsteller: Buddenbrooks, Der ZauberbergThomas Mann
53%
59Schriftsteller: Emil und die Detektive, Das Fliegende KlassenzimmerErich Kästner
52%
361. WK-General und letzter Präsident der Weimarer RepublikPaul von Hindenburg
51%
34Turnvater und Vertreter der Nationalbewegung des 19. JahrhundertsFriedrich Ludwig Jahn
46%
8Entdecker des Tuberkulose-BazillusRobert Koch
46%
17Rief die Weimarer Republik aus und wurde ihr 1. PräsidentFriedrich Ebert
45%
62Augsburger Bankier, finanzierte den Kaiser, MontanunternehmerJakob Fugger
43%
87Raketeningenieur für das 3. Reich und die NASAWernher von Braun
42%
33Nürnberger Rennaisancemaler: Feldhase, SelbstbildnisAlbrecht Dürer
41%
76Erfinder der JeansLevi Strauss
41%
13Philosoph: Also sprach Zarathustra, Genealogie der MoralFriedrich Nietzsche
40%
23Erfinder des kommerziellen Elektrogenerators, Gründer einer wichtigen E-TechnikfirmaWerner Siemens
40%
30Mathematiker: Normalverteilung, Differentialgeometrie, AusgleichsfunktionenCarl Friedrich Gauß
38%
25Erfinder des ComputersKonrad Zuse
38%
58Schriftsteller: Steppenwolf, Narziß und Goldmund, SiddhartaHermann Hesse
37%
66Vorsitzender des SED-ZKs von 1949-1971Walter Ulbricht
37%
80Anführerin des Spartakusbundes, wichtige sozialistische TheoretikerinRosa Luxemburg
36%
60Entdecker in Südamerika, Namensgeber einer MeeresströmungAlexander von Humboldt
34%
54Welfenfürst von Bayern und Sachsen, Städtegründer, vom Kaiser abgesetztHeinrich der Löwe
34%
73Ostfränkischer König, der als Kurfürst von Sachsen die Karolinger absetzteHeinrich I. (Ostfrankenreich)
34%
42Salierkaiser, der nach Canossa ging, um dem Papst zu büßenHeinrich IV
34%
7Entdecker des Wirkungsquantums, Begründer der QuantenphysikMax Planck
33%
93Schriftsteller: Effi Briest, Die Brück’ am TayTheodor Fontane
30%
92Dichter: Loreley, Deutschland, ein WintermärchenHeinrich Heine
29%
77Universalgelehrte des Mittelalters, Komponistin, Heilkunde, DichtkunstHildegard von Bingen
28%
68Komponist: Feuerwerksmusik, Wassermusik, Dixit DominusGeorg Friedrich Händel
27%
19Quantenphysiker, der das Unschärfeprinzip entdeckteWerner Heisenberg
27%
40Kurfürst von Sachsen, König von Polen, baute Dresden als seine Residenz ausAugust der Starke
24%
90Chetruskerfürst und Sieger der VarusschlachtArminius
22%
79Kanzler der Weimarer Republik, Friedensnobelpreisträger, wollte mit Frankreich aussöhnenGustav Stresemann
22%
56Komponist: Die Winterreise, die Unvollendete SymphonieFranz Schubert
21%
52"Soldatenkönig", machte Preußen zur MilitärmachtFriedrich Wilhelm
19%
83Frankfurter Begründer einer internationalen BankdynastieNathan Mayer Rothschild
19%
88Chef und Gründer der StasiErich Mielke
18%
24Universalgelehrter, der die Binärzahlen und die Integration erfandGottfried Wilhelm Leibniz
18%
32Bestimmte die Ellipsenförmigkeit der PlanetenorbitaleJohannes Kepler
18%
35Hauptbetreiber der Preußischen Reformen von 1807Freiherr von Stein
17%
75Regisseur: Metropolis, M, Dr. MabuseFritz Lang
17%
95Karmelitennonne, Widerstandskämpferin gegen die Nazis, HeiligeEdith Stein
16%
64Bauhausgründer und einer der wichtigsten Architekten der ModerneWalter Gropius
16%
65Maler, Mitgründer des blauen ReitersFranz Marc
15%
31Chemiker: Ammoniaksynthese, GiftgasFritz Haber
15%
67Philosoph (deutscher Idealismus): Dialektik, Phänomenologie des GeistesGeorg Wilhelm Friedrich Hegel
15%
84Hauptarchitekt der Restauration nach Napoleon in österreichischen DienstenKlemens von Metternich
14%
85Preußischer General der Einigungskriege (1864 - 1871)Helmuth von Moltke
10%
69Philosoph: Willensmetaphysik, Igelparadoxon, BuddhismusinterpretationArthur Schopenhauer
9%
37Physiker, der die elektromagnetischen Wellen nachweisen konnteHermann Hertz
9%
35Bayrischer Kurfürst und Anführer der katholischen Lige im 30-Jährigem KriegMaximilian I (Bayern)
9%
57Geologe, postulierte die KontinentalverschiebungAlfred Wegener
8%
46Gründer der SPDAugust Bebel
8%
63Komponierte den Kanon in D, dessen Harmonie vielfach kopiert wurdeJohann Pachelbel
8%
50Erfinder der Kühlmaschine, die den Kühlschrank ermöglichteCarl von Linde
7%
91Militärtheoretiker: Vom KriegeCarl von Clausewitz
6%
55Soziologe: Die protestantische Ethik und der Geist des KapitalismusMax Weber
6%
100Anführer der Bauern im BauernkriegThomas Münzer
6%
70Philosoph: Sein und Zeit, FundamentalontologieMartin Heidegger
5%
44Mathematikerin und Physikerin, entdeckte Zusammenhang zwischen Erhaltungsgrößen und SymmetrienEmmy Noether
3%
82Erfinder des KindergartensFriedrich Fröbel
3%
97Komponist der Moderne, Pionier der elektronischen Musik, KontrapunkteKarlheinz Stockhausen
3%
71Philosoph der Aristoteles in die Scholastik einführteAlbertus Magnus
2%
98Mathematiker: Krümmungstensor, Zeta-Funktion,Bernhard Riemann
2%
74Mathematiker: Formalismus, 23 Probleme, Axiomatisierung, FunktionenräumeDavid Hilbert
2%
43Mathematiker, entwickelte den UnvollständigkeitssatzKurt Gödel
2%
96Historiker: Gründervater der modernen Geschichtswissenschaft, Historisch-politische ZeitschriftLeopold von Ranke
2%
78Begründer der Phänomenologie in der PhilosophieEdmund Husserl
1%
81Begründer der Mengenlehre, Untersuchung der UnendlichkeitGeorg Cantor
1%
51Logiker, entwickelte formale Sprache, Begründer der analytischen PhilosophieGottlob Frege
1%
47Physiker, entwickelte die Kopenhagener Deutung der QuantenphysikMax Born
1%
48Physiker: Ausschlussprinzip, NeutrinoWolfgang Pauli
1%
99Biologe: Begründer der Ökologie und BiosemiotikJakob Johann von Uexküll
0%

Verteilung der Resultate

Perzentil nach korrekt beantworteten Fragen

Anzahl Personen mit jedem Resultat

Ihre Resultats-Entwicklung

Sie haben dieses Quiz noch nicht gespielt